00420 2200157 4500001002100000005001500021035002000036245006200056100002600118300002800144260003400172082000800206084001400214020002200228990001200250INLIS00000000000306220250919090126 a0010-09250004091 aHukum Tata Negara Indonesia /cEncik Muhammad Fauzan, S.H0 aEncik Muhammad Fauzan a226 hlm ;c15,5 x 23 cm aMalang :bSetara Press,c2017 a340 a340 ENC h a978-602-6344-23-6 a0755573